000 02525 a2200433 4500
001 23885024
003 0000
005 20251017105957.0
007 t|
008 241006t20252025flua b 001 0 eng
010 _a 2024024304
020 _a9781032850108
035 _a23885024
035 _a(DLC)23885024
040 _aDLC
_beng
_erda
_cDLC
_dDLC
_dDLC-MRC
042 _apcc
050 0 0 _aQA 278.65 .S29
082 0 0 _a519.5/35
_223/eng/20241118
100 1 _aSaw, Sutaip L.C.
_eauthor
_4aut
_4http://id.loc.gov/vocabulary/relators/aut
_0http://id.loc.gov/authorities/names/n2024052979
245 1 0 _aIntroduction to classifier performance analysis with R /
_cSutaip L.C. Saw.
264 1 _aBoca Raton :
_bCRC Press, Taylor and Francis Group,
_c2025.
264 4 _c2025
_aBoca Raton :
_bCRC Press, Taylor and Francis Group,
300 _axix, 201 pages
_billustrations
_c24 cm.
336 _atext
_btxt
_2rdacontent
337 _aunmediated
_bn
_2rdamedia
338 _avolume
_bnc
_2rdacarrier
340 _0http://id.loc.gov/vocabulary/millus/ill
340 _0http://id.loc.gov/vocabulary/mcolor/mul
490 0 _aChapman & Hall/CRC data science series
504 _aIncludes bibliographical references (pages 187-196) and index.
505 0 _aIntroduction to classification -- Classifier performance measures -- Classifier performance curves -- Comparative analysis of classifiers -- Multiclass CPA -- Additional topics in CPA.
520 _a"Introduction to Classifier Performance Analysis with R provides an introductory account of commonly used CPA techniques for binary and multiclass problems, and use of the R software system to accomplish the analysis. Coverage draws on the extensive literature available on the subject, including descriptive and inferential approaches to CPA. Exercises are included at the end of each chapter to reinforce learning"-- Provided by publisher.
650 0 _aDiscriminant analysis
_0http://id.loc.gov/authorities/subjects/sh85038374
650 0 _aR (Computer program language)
_0http://id.loc.gov/authorities/subjects/sh2002004407
776 1 _iOnline version
_4http://id.loc.gov/entities/relationships/onlineversion
_aSaw, Sutaip L.C.
_tIntroduction to classifier performance analysis with R
_d[Boca Raton]: [Taylor and Francis], [2024]
_w(DLC) 2024024305
_z9781003518679
906 _a7
_bcbc
_corignew
_d1
_eecip
_f20
_gy-gencatlg
942 _2lcc
_cBK
999 _c43887
_d43887